|
|
|
|
| LEADER |
01759nam a2200457 a 4500 |
| 001 |
000794777 |
| 003 |
CZ BrMZK |
| 005 |
20101119094714.0 |
| 007 |
ta |
| 008 |
051025s2005 xv fr 000 0bslv |
| 020 |
|
|
|a 961-6242-64-4
|q (brož.)
|
| 040 |
|
|
|a BOA001
|b cze
|
| 041 |
1 |
|
|a eng
|a slv
|b eng
|
| 072 |
|
7 |
|a 821.161.1.09
|x Ruská literatura (o ní)
|2 Konspekt
|9 11
|
| 072 |
|
7 |
|a 929
|x Biografie
|2 Konspekt
|9 8
|
| 080 |
|
|
|a 929
|2 MRF
|
| 080 |
|
|
|a 821.161.1-051
|2 MRF
|
| 080 |
|
|
|a 821.161.1
|2 MRF
|
| 080 |
|
|
|a 82.09
|2 MRF
|
| 080 |
|
|
|a (092)
|2 MRF
|
| 080 |
|
|
|a (048.8)
|2 MRF
|
| 100 |
1 |
|
|a Lavrin, Janko,
|d 1887-1986
|7 mzk2002164888
|4 aut
|
| 245 |
1 |
0 |
|a Anton Chekhov :
|b an introduction to his life and work = Anton Čehov : uvod v njegogo živjenje in delo /
|c Janko Lavrin
|
| 246 |
3 |
1 |
|a Anton Čehov
|
| 260 |
|
|
|a Ljubljana :
|b Slovenska akademija znanosti in umetnosti,
|c 2005
|
| 300 |
|
|
|a 156 s. ;
|c 24 cm
|
| 490 |
1 |
|
|a Dela =
|a Opera ;
|v 62
|
| 504 |
|
|
|a Obsahuje bibliografické odkazy
|
| 546 |
|
|
|a Souběžný anglický a slovinský text
|
| 541 |
|
|
|a Ljubljana, Slovenska akademija znanosti in umetnosti
|
| 600 |
1 |
7 |
|a Čechov, Anton Pavlovič,
|d 1860-1904
|7 jn19990210160
|2 czenas
|
| 650 |
0 |
7 |
|a ruští spisovatelé
|7 ph125356
|y 19.-20. stol.
|2 czenas
|
| 650 |
0 |
7 |
|a ruská literatura
|7 ph125327
|y 19.-20. stol.
|2 czenas
|
| 650 |
0 |
7 |
|a literárněvědné rozbory
|7 ph138745
|2 czenas
|
| 655 |
|
7 |
|a biografie
|7 fd131909
|2 czenas
|
| 655 |
|
7 |
|a studie
|7 fd133597
|2 czenas
|
| 810 |
2 |
|
|a Slovenska akademija znanosti in umetnosti.
|b Razred za filološke in literarne vede.
|t Dela
|
| 910 |
2 |
|
|a BOA001
|b 2-1159.214
|
| 990 |
|
|
|a BK
|
| 991 |
|
|
|b 200511
|c NOV
|
| 996 |
7 |
|
|b 2610261780
|c 2-1159.214
|l MZK
|r Sklad / do 1 hodiny
|n 0
|p vým
|w 000794777
|u 000010
|a 1
|e BOA001
|j MZK50
|s A
|